| 000 | 00564nam a22002057a 4500 | ||
|---|---|---|---|
| 003 | OSt | ||
| 005 | 20140410082823.0 | ||
| 008 | 131003t xxu||||| |||| 00| 0 eng d | ||
| 020 | _a9780439519021 | ||
| 050 |
_aPZ 7 _b.P964 2005 |
||
| 100 |
_aPromios, James. _923473 |
||
| 245 |
_aWhen quinea pigs fly! / _cJames Promios and Andy Rheingold |
||
| 260 |
_aNew York, NY : _bScholastic Inc., _c2005. |
||
| 300 |
_a106 p. : _bill. ; _c19 cm. |
||
| 521 | _aG3 | ||
| 526 | _c540 | ||
| 650 |
_aGuinea pigs _xJames Promios. _923474 |
||
| 942 |
_2lcc _cBK |
||
| 999 |
_c33567 _d33567 |
||